Digital signal processing: principles and algorithms, applications- (E-BOOK) (Record no. 191604)
[ view plain ]
| 000 -LEADER | |
|---|---|
| fixed length control field | 00950 a2200169 4500 |
| 003 - CONTROL NUMBER IDENTIFIER | |
| control field | Nust |
| 005 - DATE AND TIME OF LATEST TRANSACTION | |
| control field | 20170207154019.0 |
| 020 ## - INTERNATIONAL STANDARD BOOK NUMBER | |
| International Standard Book Number | 0133943389 |
| 040 ## - CATALOGING SOURCE | |
| Transcribing agency | Nust |
| 082 ## - DEWEY DECIMAL CLASSIFICATION NUMBER | |
| Classification number | 621.3822 |
| Author Mark | Proakis, John G. |
| 245 ## - TITLE STATEMENT | |
| Title | Digital signal processing: principles and algorithms, applications- (E-BOOK) |
| Statement of responsibility, etc. | John G. Proakis and Dimitris M. Manolokis |
| 250 ## - EDITION STATEMENT | |
| Edition statement | 3rd |
| 260 ## - PUBLICATION, DISTRIBUTION, ETC. | |
| Place of publication, distribution, etc. | New York |
| Name of publisher, distributor, etc. | Prentice Hall |
| Date of publication, distribution, etc. | 1996 |
| 300 ## - PHYSICAL DESCRIPTION | |
| Extent | 1033 p. |
| 505 ## - FORMATTED CONTENTS NOTE | |
| Formatted contents note | Introduction (Page-1), Discrete Time Signals And Systems (Page-43), The Z-Transform And Its Applications To The Analysis Of LTI Systems (Page-151), Frequency Analysis Of Signals And Systems (Page-230), The Discrete Fourier Transform (Page-394), Efficient Computation Of The DFT (Page-448), Implementation Of Discrete Time Systems (Page-500), Design Of Digital Filters (Page-614), Sampling And Reconstruction Of Signals (Page-738), Multirate DSP (Page-782), Power Spectrum Estimation (Page-896). |
| 650 ## - SUBJECT ADDED ENTRY--TOPICAL TERM | |
| Topical term or geographic name entry element | E-BOOK |
| 942 ## - ADDED ENTRY ELEMENTS (KOHA) | |
| Source of classification or shelving scheme | |
| Koha item type | Book |
| Withdrawn status | Lost status | Source of classification or shelving scheme | Damaged status | Not for loan | Collection code | Permanent Location | Current Location | Date acquired | Total Checkouts | Full call number | Barcode | Date last seen | Price effective from | Koha item type |
|---|---|---|---|---|---|---|---|---|---|---|---|---|---|---|
| Military College of Signals (MCS) | Military College of Signals (MCS) | 12/12/2016 | 621.3822 PRO | MCSEB-864 | 12/08/2016 | 12/12/2016 | Book |
